000 00405nam a2200133Ia 4500
008 211122s9999||||xx |||||||||||||| ||und||
082 _a938
_bVAR-A
100 _aVarghese, Saji
245 0 _aAthens Muthal Haridwar Vare
260 _bMathrubhumi Books
_aKozhikode
630 _xGeneral Stack
650 _aHISTORY AND GEOGRAPHY
_vHISTORY OF ANCIENT WORLD TO CA. 499GREECE TO 323Malayalam
942 _cBOOK
999 _c125284
_d125284